| 000 | 00386 a2200157 4500 | ||
|---|---|---|---|
| 003 | Nust | ||
| 005 | 20170207153553.0 | ||
| 020 | _a9789693524321 | ||
| 040 | _cNust | ||
| 082 | _a910.4 | ||
| 100 | _aSherazi, Jawad | ||
| 245 |
_aKarakoram kay baraf zaron say _cJawad Sherazi, |
||
| 260 |
_aSang-e-meel _bLahore _c2011 |
||
| 300 | _a189 p with pictures | ||
| 650 | _aUrdu Literature - Travelouge | ||
| 942 |
_2ddc _cBK |
||
| 999 |
_c188977 _d188977 |
||